| 000 | 00663cam a2200205 4500500 | ||
|---|---|---|---|
| 005 | 20260329001743.0 | ||
| 041 | _afre | ||
| 042 | _adc | ||
| 100 | 1 | 0 |
_aCerf, Juliette _eauthor |
| 245 | 0 | 0 | _aStanley Cavell : “Le combat entre l’espoir et le désespoir motive la pensée” |
| 260 | _c2009. | ||
| 500 | _a29 | ||
| 690 | _aCinéma | ||
| 690 | _aPhilosophie analytique | ||
| 690 | _aScepticisme | ||
| 690 | _aStanley Cavell | ||
| 690 | _aWittgenstein | ||
| 786 | 0 | _nPhilosophie magazine | 27 | 3 | 2009-03-01 | p. 22-23 | 1951-1787 | |
| 856 | 4 | 1 | _uhttps://shs.cairn.info/magazine-philosophie-magazine-2009-3-page-22?lang=fr&redirect-ssocas=7080 |
| 999 |
_c1808287 _d1808287 |
||